000 01198cam a2200253 4500
001 ABS64038
008 000000n2001 000 0 eng u
035 _a(Sirsi) u112653
100 _aMahoney, R
245 _aProfessionalism in Geomatics
260 _c2001
490 _aEngineering Surveying Showcase
_v(1) April 2001, 43(1)
520 _aConsiders the concept of professionalism when applied to chartered surveyors. Outlines how the RICS maintains professionalism through high educational standards, CPD, ethical standards and compulsory professional indemnity insurance. Highlights geomatics as a dynamic professional discipline which is not easily defined by standards of practice, but suggests that the manipulation of spatial data may alter this in the future. Concludes that it is the responsibility of RICS members to ensure they act in a professional and ethic manner.
590 _aABS
650 _aGeomatics
_96242
650 _aPROFESSIONALISM
650 _aSPATIAL DATA
650 _aCODE OF PRACTICE
650 _aRICS
650 _aABOUT RICS-RICS MEMBERS
650 _aETHICS
690 _aMANAGEMENT-BUSINESS MANAGEMENT-PROFESSIONAL PRACTICE
942 _n0
999 _c67053
_d67053